All Films Leading Up to Avengers: Doomsday (2026) - Statistics

General Stats
  • This quiz has been taken 121 times
    60 since last reset
  • The average score is 30 of 48
Answer Stats
Year Movie/Show Actors % Correct
2000 X-Men Patrick Stewart, James Marsden, Rebecca Romijn, Ian McKellen
96%
2011 Captain America: The First Avenger Chris Evans, Sebastian Stan, Hayley Atwell
80%
2012 The Avengers Robert Downey Jr., Chris Hemsworth, Jeremy Renner, Chris Evans, Tom Hiddleston
80%
2015 Avengers: Age of Ultron Robert Downey Jr., Chris Evans, Hayley Atwell, Chris Hemsworth, Jeremy Renner, Anthony Mackie
78%
2008 Iron Man Robert Downey Jr.
78%
2011 Thor Chris Hemsworth, Jeremy Renner, Tom Hiddleston
78%
2016 Deadpool Ryan Reynolds
76%
2017 Thor: Ragnarok Chris Hemsworth, Tom Hiddleston, Benedict Cumberbatch, Benedict Wong
76%
2015 Ant-Man Paul Rudd, Chris Evans, Anthony Mackie, Sebastian Stan, Hayley Atwell
73%
2018 Avengers: Infinity War Robert Downey Jr., Chris Evans, Sebastian Stan, Anthony Mackie, Tom Hiddleston, Chris Hemsworth, Letitia Wright, Winston Duke, Benedict Cumberbatch, Tom Holland, Benedict Wong
73%
2010 Iron Man 2 Robert Downey Jr.
73%
2013 Iron Man 3 Robert Downey Jr.
73%
2018 Ant-Man and the Wasp Paul Rudd, Hannah John-Kamen
71%
2019 Avengers: Endgame Robert Downey Jr., Chris Evans, Sebastian Stan, Anthony Mackie, Tom Hiddleston, Chris Hemsworth, Letitia Wright, Winston Duke, Benedict Cumberbatch, Tom Holland, Paul Rudd, Jeremy Renner, Benedict Wong, Hayley Atwell
71%
2016 Captain America: Civil War Chris Evans, Paul Rudd, Tom Holland, Robert Downey Jr., Sebastian Stan, Anthony Mackie
71%
2016 Doctor Strange Benedict Cumberbatch, Chris Hemsworth, Benedict Wong
71%
2019 Spider-Man: Far From Home Tom Holland
71%
2017 Spider-Man: Homecoming Robert Downey Jr., Tom Holland, Chris Evans
71%
2013 Thor: The Dark World Chris Hemsworth, Tom Hiddleston, Chris Evans
71%
2018 Deadpool 2 Ryan Reynolds
69%
2021 Black Widow David Harbour, Florence Pugh, Jeremy Renner
67%
2014 Captain America: The Winter Soldier Chris Evans, Anthony Mackie, Sebastian Stan, Hayley Atwell
64%
2021-2021 Hawkeye Jeremy Renner, Florence Pugh
64%
2021 Spider-Man: No Way Home Tom Holland, Benedict Cumberbatch, Benedict Wong
64%
2022 Thor: Love and Thunder Chris Hemsworth
64%
2018 Black Panther Letitia Wright, Sebastian Stan, Winston Duke
62%
2008 The Incredible Hulk Robert Downey Jr.
62%
2021-2023 Loki Tom Hiddleston, Chris Hemsworth
60%
2019 Captain Marvel Chris Evans
58%
2021-2021 The Falcon and the Winter Soldier Anthony Mackie, Sebastian Stan, Wyatt Russell, Danny Ramirez
58%
2013 The Wolverine Patrick Stewart, Ian McKellen
58%
2006 X-Men: The Last Stand Patrick Stewart, James Marsden, Rebecca Romijn, Kelsey Grammer, Ian McKellen
58%
2024 Deadpool and Wolverine Channing Tatum, Chris Evans, Ryan Reynolds
56%
2017 Logan Patrick Stewart
53%
2025 Thunderbolts* Sebastian Stan, Wyatt Russell, Hannah John-Kamen, Florence Pugh, Lewis Pullman
53%
2025 Captain America: Brave New World Anthony Mackie, Sebastian Stan, Danny Ramirez
51%
2022 Black Panther: Wakanda Forever Letitia Wright, Winston Duke, Tenoch Huerta Mejía, Mabel Cadena, Alex Livinalli
49%
2022 Doctor Strange in the Multiverse of Madness Benedict Cumberbatch, Patrick Stewart, Benedict Wong, Hayley Atwell
49%
2021 Shang-Chi and the Legend of the Ten Rings Simu Liu, Benedict Wong
49%
2025 The Fantastic Four: First Steps Vanessa Kirby, Joseph Quinn, Robert Downey Jr., Pedro Pascal, Ebon Moss-Bachrach
49%
2014 X-Men: Days of Future Past Patrick Stewart, James Marsden, Ian McKellen, Kelsey Grammer
49%
2023 Ant-Man and the Wasp: Quantumania Paul Rudd
47%
2023 The Marvels Kelsey Grammer
44%
2011 X-Men: First Class Rebecca Romijn
44%
2026 Spider-Man: Brand New Day Tom Holland
42%
2009 X-Men Origins: Wolverine Patrick Stewart, Ryan Reynolds
42%
2022-2022 She-Hulk: Attorney at Law Benedict Wong
24%
2003 X-2: X-Men United Patrick Stewart, James Marsden, Alan Cumming, Rebecca Romijn, Ian McKellen
20%
No matching quizzes found
Score Distribution
Percent of People with Each Score
Percentile by Number Answered
Your Score History
You have not taken this quiz since the last reset